| 000 | 01139nam a2200313 i 4500 | ||
|---|---|---|---|
| 001 | 000044473 | ||
| 003 | DO-SdBNP | ||
| 005 | 20251008100502.0 | ||
| 007 | ta | ||
| 008 | 140702s2002 dr af 000 0 spa d | ||
| 040 |
_aDO-SdBNP _bspa _cBNPHU _erda |
||
| 041 |
_aspa _hfre _heng |
||
| 082 | 4 |
_axxx _bB585 _222 |
|
| 100 | 1 |
_aBidó, Cándido, _d1936-2011 _eautor _4aut. _929482 |
|
| 245 | 1 | 3 |
_aEl árbol de los pájaros = : _bL' arbre aux oiseaux = tree of birds / _cCándido Bído, Marlenne de Tolentino ; traducciones, Martha Thayer y otros |
| 264 | 1 |
_aSanto Domingo : _bCentro Cultural Cariforo, _c2002. |
|
| 300 |
_a32 páginas : _bilustraciones ; _c25 cm. |
||
| 336 |
_atexto _btxt _2rdacontent |
||
| 337 |
_asin mediación _bn _2rdamedia |
||
| 338 |
_avolumen _bnc _2rdacarrier |
||
| 500 | _aLibro en español, francés e ingles. | ||
| 590 | _aInventariado, 2024/ YL | ||
| 700 | 1 |
_aTolentino, Marlenne _eautora _4aut. _972494 |
|
| 700 | 1 |
_aThayer, Martha, _etraductora _4tr. _972495 |
|
| 700 | 1 |
_aBillon, Fréderic, _etraductor _4tr. _984810 |
|
| 700 | 1 |
_aParedes, Farah, _etraductora _4tr. _975623 |
|
| 910 | _aYLockward | ||
| 942 |
_2ddc _cLF2 |
||
| 999 |
_c43962 _d43962 |
||